[Event "HUN-chT2 Toth 1516"]
[Site "Hungary"]
[Date "2016.04.17"]
[Round "11.4"]
[White "Kerekes, Attila"]
[Black "Gombos, Janos"]
[Result "1/2-1/2"]
[WhiteElo "2126"]
[BlackElo "1996"]
[PlyCount "43"]
[EventDate "2015.09.13"]
[EventType "team-tourn"]
[EventRounds "11"]
[EventCountry "HUN"]
[SourceTitle "EXT 2017"]
[Source "ChessBase"]
[SourceDate "2016.10.25"]
[SourceVersion "1"]
[SourceVersionDate "2016.10.25"]
[SourceQuality "1"]
[WhiteTeam "Bekes"]
[BlackTeam "Gyula"]
[WhiteTeamCountry "HUN"]
[BlackTeamCountry "HUN"]

1. e4 e5 2. Nf3 Nc6 3. Bb5 a6 4. Ba4 Nf6 5. 0-0 Be7 6. Re1 b5 7. Bb3 d6 8. c3 0-0 9. h3 Na5 10. Bc2 c5 11. d4 Qc7 12. Nbd2 cxd4 13. cxd4 Rd8 14. Nf1 exd4 15. Nxd4 d5 16. e5 Ne4 17. Bf4 Bc5 18. Rc1 Qb6 19. Be3 Nc4 20. Nb3 Bxe3 21. Nxe3 Bb7 22. Qe2 1/2-1/2

[Event "HUN-chT2 Toth 1415"]
[Site "Hungary"]
[Date "2015.04.26"]
[Round "11.4"]
[White "Kerekes, Attila"]
[Black "Hajdu, Istvan"]
[Result "1-0"]
[WhiteElo "2115"]
[BlackElo "2063"]
[PlyCount "81"]
[EventDate "2014.09.07"]
[EventType "team-tourn"]
[EventRounds "11"]
[EventCountry "HUN"]
[SourceTitle "EXT 2016"]
[Source "ChessBase"]
[SourceDate "2015.10.08"]
[SourceVersion "1"]
[SourceVersionDate "2015.10.08"]
[SourceQuality "1"]
[WhiteTeam "Bekes"]
[BlackTeam "Szentes"]
[WhiteTeamCountry "HUN"]
[BlackTeamCountry "HUN"]

1. e4 Nc6 2. Nf3 e5 3. Bb5 a6 4. Ba4 Nf6 5. d4 exd4 6. 0-0 Be7 7. Re1 b5 8. Bb3 d6 9. Bd5 Nxd5 10. exd5 Ne5 11. Nxd4 Bd7 12. f4 Ng6 13. Nc6 Bxc6 14. dxc6 0-0 15. Nc3 Bf6 16. Nd5 Ne7 17. Nxf6+ gxf6 18. Re3 Kh8 19. Rh3 Qc8 20. b3 Rg8 21. Bb2 Rg6 22. Qh5 h6 23. Re1 Ng8 24. f5 Rg7 25. Bxf6 Nxf6 26. Qxh6+ Nh7 27. f6 Qg4 28. fxg7+ Qxg7 29. Qh4 Rg8 30. Rg3 Qf8 31. Qd4+ f6 32. Rxg8+ Kxg8 33. Qd5+ Kh8 34. Qe6 Ng5 35. Qe8 Kg7 36. Re7+ Nf7 37. Qxf8+ Kxf8 38. Rxc7 Ne5 39. h4 Ke8 40. h5 Kd8 41. Rg7 1-0

[Event "HUN-chT2 Toth 1415"]
[Site "Hungary"]
[Date "2015.03.01"]
[Round "9.4"]
[White "Kerekes, Attila"]
[Black "Toth, Kazmer"]
[Result "1/2-1/2"]
[WhiteElo "2115"]
[BlackElo "1933"]
[PlyCount "28"]
[EventDate "2014.09.07"]
[EventType "team-tourn"]
[EventRounds "11"]
[EventCountry "HUN"]
[SourceTitle "EXT 2016"]
[Source "ChessBase"]
[SourceDate "2015.10.08"]
[SourceVersion "1"]
[SourceVersionDate "2015.10.08"]
[SourceQuality "1"]
[WhiteTeam "Bekes"]
[BlackTeam "Felegyhaza Csongrad"]
[WhiteTeamCountry "HUN"]
[BlackTeamCountry "HUN"]

1. e4 d6 2. d4 Nf6 3. Nc3 c6 4. f4 g6 5. Nf3 Bg7 6. Bd3 Bg4 7. 0-0 0-0 8. Be3 Nbd7 9. e5 Nd5 10. Nxd5 cxd5 11. exd6 e6 12. h3 Bxf3 13. Qxf3 Nb6 14. Rae1 Qxd6 1/2-1/2

[Event "HUN-chT2 Toth 1314"]
[Site "Hungary"]
[Date "2013.09.08"]
[Round "1.7"]
[White "Andriska, Zsolt"]
[Black "Kerekes, Attila"]
[Result "0-1"]
[WhiteElo "2013"]
[BlackElo "2127"]
[PlyCount "150"]
[EventDate "2013.09.08"]
[EventType "team-tourn"]
[EventRounds "11"]
[EventCountry "HUN"]
[SourceTitle "EXT 2016"]
[Source "ChessBase"]
[SourceDate "2015.10.08"]
[SourceVersion "1"]
[SourceVersionDate "2015.10.08"]
[SourceQuality "1"]
[WhiteTeam "Toth Laszlo II"]
[BlackTeam "Bekes"]
[WhiteTeamCountry "HUN"]
[BlackTeamCountry "HUN"]

1. e4 c5 2. Nf3 e6 3. c4 Nc6 4. Nc3 a6 5. d3 d6 6. g3 Nf6 7. Bg2 Be7 8. 0-0 0-0 9. h3 Qc7 10. Bg5 Rb8 11. a4 b6 12. Qd2 Na5 13. Rad1 Bd7 14. Rfe1 Bc6 15. g4 Rfd8 16. Qc2 b5 17. b3 bxa4 18. bxa4 Rb4 19. Bd2 Rb7 20. Rb1 Rdb8 21. Rxb7 Rxb7 22. Rb1 Bd8 23. Bf1 Qb8 24. Rxb7 Qxb7 25. Be2 Nb3 26. Bd1 Nxd2 27. Nxd2 Ba5 28. Ndb1 Nd7 29. Qb3 Qb4 30. Qc2 Nb6 31. Qb3 h6 32. f3 d5 33. exd5 exd5 34. Qxb4 cxb4 35. Nxd5 Nxd5 36. cxd5 Bxd5 37. Nd2 Bb6+ 38. Kf1 Kf8 39. Ke2 Ke7 40. Bb3 Bc6 41. Nc4 Bc7 42. Ne3 Ba5 43. Nf5+ Kf6 44. Nd6 Kg5 45. Nxf7+ Kf4 46. Nd6 Bxf3+ 47. Kd2 Bg2 48. Nf5 Bxh3 49. Nxg7 Bxg4 50. Bc4 Bd7 51. Ne6+ Kg3 52. Nc5 Bc6 53. Be6 Kf4 54. d4 Be8 55. Kc2 Bb6 56. Nd3+ Ke4 57. Nxb4 Bxa4+ 58. Kc1 a5 59. Nc2 Bc6 60. Bh3 Kd3 61. Bf1+ Kc3 62. Ne3 a4 63. Be2 Be4 64. Nd1+ Kb3 65. Bh5 Bxd4 66. Bf7+ Kb4 67. Kd2 a3 68. Ne3 Bb2 69. Nc2+ Kc5 70. Bb3 Bd5 71. Bxd5 Kxd5 72. Ne3+ Ke4 73. Nc2 a2 74. Ke2 h5 75. Kf2 Bc3 0-1

[Event "HUN-chT2 Toth 1213"]
[Site "Hungary"]
[Date "2013.04.21"]
[Round "11.5"]
[White "Kerekes, Attila"]
[Black "Uj, Imre Attila"]
[Result "1/2-1/2"]
[WhiteElo "2099"]
[BlackElo "2058"]
[PlyCount "44"]
[EventDate "2012.09.16"]
[EventType "team-tourn"]
[EventRounds "11"]
[EventCountry "HUN"]
[SourceTitle "EXT 2014"]
[Source "ChessBase"]
[SourceDate "2013.11.20"]
[SourceVersion "1"]
[SourceVersionDate "2013.11.20"]
[SourceQuality "1"]
[WhiteTeam "Bekes"]
[BlackTeam "Debrecen Sakkbaratok"]
[WhiteTeamCountry "HUN"]
[BlackTeamCountry "HUN"]

1. e4 e6 2. d4 d5 3. e5 c5 4. c3 Nc6 5. Nf3 Bd7 6. dxc5 Bxc5 7. Bd3 f6 8. b4 Bb6 9. b5 Nce7 10. 0-0 fxe5 11. Nxe5 Nf6 12. Nd2 0-0 13. Qe2 Nf5 14. Nxd7 Qxd7 15. Nf3 Nd6 16. Ne5 Qc7 17. Ba3 Nfe4 18. Bxe4 Nxe4 19. Bxf8 Rxf8 20. Nf3 Qxc3 21. Rac1 Qf6 22. Qe1 Qb2 1/2-1/2

[Event "HUN-chT2 Toth 1213"]
[Site "Hungary"]
[Date "2012.09.16"]
[Round "1.5"]
[White "Varga, Laszlo"]
[Black "Kerekes, Attila"]
[Result "0-1"]
[WhiteElo "2199"]
[BlackElo "2099"]
[PlyCount "62"]
[EventDate "2012.09.16"]
[EventType "team-tourn"]
[EventRounds "11"]
[EventCountry "HUN"]
[SourceTitle "EXT 2014"]
[Source "ChessBase"]
[SourceDate "2013.11.20"]
[SourceVersion "1"]
[SourceVersionDate "2013.11.20"]
[SourceQuality "1"]
[WhiteTeam "Ujszasz"]
[BlackTeam "Bekes"]
[WhiteTeamCountry "HUN"]
[BlackTeamCountry "HUN"]

1. d4 c5 2. e3 Nf6 3. Bd3 b6 4. Nf3 Bb7 5. Nbd2 g6 6. c3 Bg7 7. 0-0 0-0 8. Re1 d6 9. e4 cxd4 10. Nxd4 Nbd7 11. Qe2 Nc5 12. Bc2 Ba6 13. Qf3 Qd7 14. a4 Ng4 15. Nb5 Ne5 16. Qe2 Ne6 17. Nf1 Rfc8 18. f4 Nc4 19. Bd3 Na5 20. f5 Nc5 21. fxg6 hxg6 22. Bc2 Ncb3 23. Bxb3 Nxb3 24. Ra3 Nxc1 25. Rxc1 Rc5 26. c4 Rac8 27. b4 Re5 28. Re1 Bb7 29. Qd3 a6 30. Nc3 Qc6 31. Nd5 Qxc4 0-1

[Event "HUN-chT2 Toth 1112"]
[Site "Hungary"]
[Date "2011.11.13"]
[Round "3.3"]
[White "Kerekes, Attila"]
[Black "Siclovan, Cristian Daniel"]
[Result "0-1"]
[WhiteElo "2126"]
[BlackElo "2156"]
[PlyCount "86"]
[EventDate "2011.09.25"]
[EventType "team-tourn"]
[EventRounds "11"]
[EventCountry "HUN"]
[SourceTitle "EXT 2013"]
[Source "ChessBase"]
[SourceDate "2012.11.22"]
[SourceVersion "1"]
[SourceVersionDate "2012.11.22"]
[SourceQuality "1"]
[WhiteTeam "Bekes"]
[BlackTeam "Gyula"]
[WhiteTeamCountry "HUN"]
[BlackTeamCountry "HUN"]

1. e4 e6 2. d4 d5 3. e5 c5 4. c3 Nc6 5. Nf3 Bd7 6. a3 a5 7. dxc5 Bxc5 8. Bd3 Nge7 9. 0-0 Ng6 10. Qe2 a4 11. Be3 Bb6 12. Nbd2 0-0 13. Rfe1 f5 14. exf6 Bxe3 15. Qxe3 Qxf6 16. Bxg6 hxg6 17. Nd4 e5 18. Nxc6 bxc6 19. Re2 Rab8 20. Nf3 Bg4 21. Qxe5 Qxe5 22. Rxe5 Bxf3 23. gxf3 Rxb2 24. Re3 Rfb8 25. Re6 R8b6 26. Re8+ Kh7 27. Rae1 R2b3 28. Ra8 Rxa3 29. h4 g5 30. h5 g4 31. Ree8 Kh6 32. fxg4 Kg5 33. Ra7 Rxc3 34. Rxg7+ Kh4 35. Kg2 c5 36. Re1 Rh3 37. g5 Rb4 38. Re5 a3 39. h6 Rg4+ 40. Kf1 a2 41. Ra7 Rh1+ 42. Ke2 a1Q 43. Rxa1 Rxa1 0-1

[Event "HUN-chT2 Toth 1011"]
[Site "Hungary"]
[Date "2011.05.15"]
[Round "11.2"]
[White "Kerekes, Attila"]
[Black "Papp, Petra"]
[Result "0-1"]
[WhiteElo "2136"]
[BlackElo "2246"]
[PlyCount "63"]
[EventDate "2010.09.12"]
[EventType "team-tourn"]
[EventRounds "11"]
[EventCountry "HUN"]
[SourceTitle "EXT 2012"]
[Source "ChessBase"]
[SourceDate "2011.11.24"]
[SourceVersion "1"]
[SourceVersionDate "2011.11.24"]
[SourceQuality "1"]
[WhiteTeam "Bekes"]
[BlackTeam "Roszke"]
[WhiteTeamCountry "HUN"]
[BlackTeamCountry "HUN"]

1. e4 e5 2. Nf3 Nc6 3. Bb5 a6 4. Ba4 Nf6 5. 0-0 b5 6. Bb3 Bc5 7. Nxe5 Nxe5 8. d4 Bxd4 9. Qxd4 d6 10. c3 Bb7 11. Re1 c5 12. Qe3 0-0 13. Nd2 Re8 14. f4 Ng6 15. Bc2 Nd5 16. Qg3 Ndxf4 17. Nf3 Nh5 18. Qh3 Nf6 19. Qf5 h6 20. Nd2 Qb6 21. a4 Re5 22. Qf1 Rae8 23. axb5 axb5 24. Nf3 R5e6 25. e5 dxe5 26. Bf5 R6e7 27. b4 e4 28. Bxg6 exf3 29. Bxf7+ Kxf7 30. Rxe7+ Rxe7 31. bxc5 Qxc5+ 32. Qf2 0-1

[Event "HUN-chT2 Toth 1011"]
[Site "Hungary"]
[Date "2010.09.12"]
[Round "1.2"]
[White "Nagy, Tibor"]
[Black "Kerekes, Attila"]
[Result "1/2-1/2"]
[WhiteElo "1956"]
[BlackElo "2136"]
[PlyCount "71"]
[EventDate "2010.09.12"]
[EventType "team-tourn"]
[EventRounds "11"]
[EventCountry "HUN"]
[SourceTitle "EXT 2012"]
[Source "ChessBase"]
[SourceDate "2011.11.24"]
[SourceVersion "1"]
[SourceVersionDate "2011.11.24"]
[SourceQuality "1"]
[WhiteTeam "Nadudvar"]
[BlackTeam "Bekes"]
[WhiteTeamCountry "HUN"]
[BlackTeamCountry "HUN"]

1. g3 c5 2. Bg2 Nc6 3. d3 g6 4. c4 Bg7 5. Nc3 b6 6. Nf3 Bb7 7. e4 e6 8. Bf4 e5 9. Bg5 f6 10. Be3 Nge7 11. Qd2 0-0 12. Bh6 d6 13. Bxg7 Kxg7 14. 0-0 Qd7 15. Nd5 Nd4 16. Nxd4 cxd4 17. Nxe7 Qxe7 18. f4 Rae8 19. f5 gxf5 20. Rxf5 Bc8 21. Rh5 Kh8 22. Rf1 Qg7 23. Bh3 Bxh3 24. Rxh3 Qg5 25. Qe2 f5 26. Rh5 Qg4 27. Qxg4 fxg4 28. Rg5 Rxf1+ 29. Kxf1 Rf8+ 30. Ke2 Rf3 31. Rxg4 Re3+ 32. Kd2 Rf3 33. Ke2 Re3+ 34. Kd2 Rf3 35. Ke2 Re3+ 36. Kd2 1/2-1/2

[Event "HUN-chT2 Toth 0809"]
[Site "Hungary"]
[Date "2008.11.30"]
[Round "3.3"]
[White "Borus, Andras"]
[Black "Kerekes, Attila"]
[Result "1/2-1/2"]
[WhiteElo "2110"]
[BlackElo "2175"]
[PlyCount "38"]
[EventDate "2008.10.26"]
[EventType "team-tourn"]
[EventRounds "11"]
[EventCountry "HUN"]
[SourceTitle "EXT 2010"]
[Source "ChessBase"]
[SourceDate "2010.11.25"]
[SourceVersion "1"]
[SourceVersionDate "2010.11.25"]
[SourceQuality "1"]
[WhiteTeam "Maroczy II"]
[BlackTeam "Bekes"]
[WhiteTeamCountry "HUN"]
[BlackTeamCountry "HUN"]

1. e4 c5 2. Nc3 Nc6 3. g3 g6 4. Bg2 Bg7 5. d3 e6 6. Be3 d6 7. Qd2 Rb8 8. Nge2 b5 9. 0-0 b4 10. Nd1 Nge7 11. Bh6 0-0 12. Bxg7 Kxg7 13. Ne3 Bb7 14. Rad1 e5 15. f4 f5 16. c3 a5 17. Rf2 exf4 18. gxf4 Qe8 19. Ng3 Rd8 1/2-1/2

[Event "HUN-chT2 Toth 0809"]
[Site "Hungary"]
[Date "2008.11.02"]
[Round "2.3"]
[White "Kerekes, Attila"]
[Black "Luca, Ionel"]
[Result "0-1"]
[WhiteElo "2175"]
[BlackElo "2133"]
[PlyCount "50"]
[EventDate "2008.10.26"]
[EventType "team-tourn"]
[EventRounds "11"]
[EventCountry "HUN"]
[SourceTitle "EXT 2010"]
[Source "ChessBase"]
[SourceDate "2010.11.25"]
[SourceVersion "1"]
[SourceVersionDate "2010.11.25"]
[SourceQuality "1"]
[WhiteTeam "Bekes"]
[BlackTeam "Kisujszallas"]
[WhiteTeamCountry "HUN"]
[BlackTeamCountry "HUN"]

1. e4 d6 2. d4 Nf6 3. Nc3 c6 4. f4 Qa5 5. Bd3 e5 6. dxe5 dxe5 7. f5 Bc5 8. Qf3 b5 9. Bd2 Qb6 10. Nge2 Bb7 11. g4 h5 12. g5 Ng4 13. Nd1 Na6 14. h3 0-0-0 15. a3 b4 16. a4 b3 17. a5 Qc7 18. hxg4 hxg4 19. Qg2 bxc2 20. Bxc2 Qd6 21. Ng3 Nb4 22. Rc1 Rh3 23. Nf1 Ba6 24. Rxh3 Bxf1 25. Kxf1 gxh3 0-1

[Event "HUN-chT2 Toth 0708"]
[Site "Hungary"]
[Date "2008.05.18"]
[Round "11"]
[White "Kerekes, Attila"]
[Black "Nagy, Sandor"]
[Result "1-0"]
[WhiteElo "2171"]
[BlackElo "2158"]
[PlyCount "37"]
[EventDate "2007.10.14"]
[EventType "team"]
[EventRounds "11"]
[EventCountry "HUN"]
[SourceTitle "EXT 2009"]
[Source "ChessBase"]
[SourceDate "2008.11.26"]
[SourceVersion "1"]
[SourceVersionDate "2008.11.26"]
[SourceQuality "1"]
[WhiteTeam "Bekes"]
[BlackTeam "Mezobereny"]
[WhiteTeamCountry "HUN"]
[BlackTeamCountry "HUN"]

1. e4 e6 2. d4 d5 3. e5 c5 4. c3 Nc6 5. Nf3 Qb6 6. a3 Bd7 7. b4 cxd4 8. cxd4 f6 9. Bb2 fxe5 10. dxe5 Be7 11. Bd3 Nh6 12. 0-0 Nf7 13. Nbd2 a6 14. Nb3 g5 15. Qe2 Qc7 16. Rac1 Qb8 17. Rfe1 Bf8 18. Nfd4 Nxd4 19. Bxd4 1-0

[Event "HUN-chT2 Toth 0708"]
[Site "Hungary"]
[Date "2008.04.27"]
[Round "10"]
[White "Kerekes, Attila"]
[Black "Csukas, Tibor"]
[Result "1-0"]
[WhiteElo "2171"]
[BlackElo "1971"]
[PlyCount "89"]
[EventDate "2007.10.14"]
[EventType "team"]
[EventRounds "11"]
[EventCountry "HUN"]
[SourceTitle "EXT 2009"]
[Source "ChessBase"]
[SourceDate "2008.11.26"]
[SourceVersion "1"]
[SourceVersionDate "2008.11.26"]
[SourceQuality "1"]
[WhiteTeam "Bekes"]
[BlackTeam "Nadudvar"]
[WhiteTeamCountry "HUN"]
[BlackTeamCountry "HUN"]

1. e4 d5 2. exd5 Nf6 3. c4 c6 4. d4 cxd5 5. Nc3 e6 6. Nf3 Be7 7. c5 Nc6 8. Bb5 Bd7 9. 0-0 0-0 10. Re1 a6 11. Bxc6 Bxc6 12. Ne5 Qc8 13. Bg5 Bd8 14. Qc2 Nd7 15. Bxd8 Rxd8 16. b4 Nxe5 17. Rxe5 Qd7 18. a4 f6 19. Ree1 Qf7 20. b5 axb5 21. axb5 Bd7 22. Qb3 Rxa1 23. Rxa1 Qe8 24. Ra7 Ra8 25. b6 Bc6 26. h3 Rd8 27. Ra5 Qh5 28. Nb5 Qe2 29. Qb4 Qc4 30. Qxc4 dxc4 31. Nd6 Kf8 32. f3 Ke7 33. Kf2 g5 34. Ke3 h5 35. Nxc4 g4 36. hxg4 hxg4 37. Nd6 gxf3 38. gxf3 Rxd6 39. cxd6+ Kxd6 40. f4 Bd5 41. Rc5 e5 42. Rc7 exf4+ 43. Kxf4 Bc6 44. Kf5 Kd5 45. Kxf6 1-0

[Event "HUN-chT2 Toth 0708"]
[Site "Hungary"]
[Date "2008.03.30"]
[Round "9"]
[White "Fekete, Albert"]
[Black "Kerekes, Attila"]
[Result "1/2-1/2"]
[WhiteElo "2301"]
[BlackElo "2171"]
[PlyCount "81"]
[EventDate "2007.10.14"]
[EventType "team"]
[EventRounds "11"]
[EventCountry "HUN"]
[SourceTitle "EXT 2009"]
[Source "ChessBase"]
[SourceDate "2008.11.26"]
[SourceVersion "1"]
[SourceVersionDate "2008.11.26"]
[SourceQuality "1"]
[WhiteTeam "Gyula"]
[BlackTeam "Bekes"]
[WhiteTeamCountry "HUN"]
[BlackTeamCountry "HUN"]

1. e3 e5 2. c4 c5 3. Nc3 Nf6 4. Be2 d5 5. cxd5 Nxd5 6. Nxd5 Qxd5 7. Bf3 Qd6 8. Ne2 Nc6 9. 0-0 Be7 10. d4 cxd4 11. Bxc6+ bxc6 12. exd4 exd4 13. Bf4 Qd5 14. Qxd4 0-0 15. Be5 f6 16. Qxd5+ cxd5 17. Bd4 Bd6 18. Nc3 Bb7 19. Rfe1 a6 20. Re6 Rad8 21. Rae1 Kf7 22. R6e2 Rfe8 23. Rxe8 Rxe8 24. Rxe8 Kxe8 25. g3 Be5 26. Ne2 Kd7 27. f4 Bd6 28. Kf2 Kc6 29. Ke3 Bc8 30. Kd3 Bf5+ 31. Kc3 h5 32. b4 Bg4 33. Nc1 h4 34. a3 hxg3 35. hxg3 g5 36. Nd3 gxf4 37. gxf4 Be2 38. Bxf6 Bxd3 39. Kxd3 Bxf4 40. a4 Bd6 41. Bc3 1/2-1/2

[Event "HUN-chT2 Toth 0506"]
[Site "Hungary"]
[Date "2006.02.26"]
[Round "8"]
[White "Kerekes, Attila"]
[Black "Berenyi, Tamas"]
[Result "1/2-1/2"]
[WhiteElo "2241"]
[BlackElo "2115"]
[PlyCount "49"]
[EventDate "2005.10.16"]
[EventType "team"]
[EventRounds "11"]
[EventCountry "HUN"]
[SourceTitle "EXT 2009"]
[Source "ChessBase"]
[SourceDate "2008.11.26"]
[SourceVersion "1"]
[SourceVersionDate "2008.11.26"]
[SourceQuality "1"]
[WhiteTeam "GyD"]
[BlackTeam "Mako"]
[WhiteTeamCountry "HUN"]
[BlackTeamCountry "HUN"]

1. e4 c5 2. Nf3 d6 3. d4 cxd4 4. Nxd4 Nf6 5. Nc3 a6 6. Bg5 e6 7. f4 Be7 8. Qf3 Qc7 9. 0-0-0 b5 10. e5 Bb7 11. Qg3 dxe5 12. Bxb5+ axb5 13. Ndxb5 Qc5 14. fxe5 Ne4 15. Bxe7 Qxc3 16. Qxg7 Qe3+ 17. Kb1 Kxe7 18. Qxh8 Nc6 19. Qxh7 Nxe5 20. Qh4+ Qg5 21. Qe1 Nc4 22. Qb4+ Qc5 23. Qxc5+ Nxc5 24. Rhg1 Rh8 25. Rd4 1/2-1/2

[Event "HUN-chT2 Toth 0506"]
[Site "Hungary"]
[Date "2005.10.16"]
[Round "1"]
[White "Cretu, Sorin Alexandru"]
[Black "Kerekes, Attila"]
[Result "1/2-1/2"]
[WhiteElo "2026"]
[BlackElo "2241"]
[PlyCount "78"]
[EventDate "2005.10.16"]
[EventType "team"]
[EventRounds "11"]
[EventCountry "HUN"]
[SourceTitle "EXT 2009"]
[Source "ChessBase"]
[SourceDate "2008.11.26"]
[SourceVersion "1"]
[SourceVersionDate "2008.11.26"]
[SourceQuality "1"]
[WhiteTeam "Battonya"]
[BlackTeam "GyD"]
[WhiteTeamCountry "HUN"]
[BlackTeamCountry "HUN"]

1. e4 c5 2. Nf3 Nc6 3. d4 cxd4 4. Nxd4 Nf6 5. Nc3 e5 6. Ndb5 d6 7. Nd5 Nxd5 8. exd5 Nb8 9. c4 a6 10. Nc3 f5 11. Be2 Be7 12. Bd2 0-0 13. 0-0 Nd7 14. Rc1 Nf6 15. Kh1 Ne4 16. Nxe4 fxe4 17. Be3 Bg5 18. Qd2 Bf4 19. g3 Bxe3 20. Qxe3 Bh3 21. Rfd1 Qf6 22. Kg1 Rf7 23. Rd2 Raf8 24. Bd1 Qg6 25. c5 Bg4 26. Bxg4 Qxg4 27. Rc4 Rf3 28. Qe2 Qg5 29. cxd6 e3 30. fxe3 Rxe3 31. Qd1 Ref3 32. Qe2 Qf5 33. Kg2 b5 34. Rc7 e4 35. d7 e3 36. Rc8 exd2 37. Rxf8+ Qxf8 38. d8Q Qxd8 39. Qxf3 Qe7 1/2-1/2

[Event "HUN-chT2 Toth 0405"]
[Site "Hungary"]
[Date "2005.03.06"]
[Round "9"]
[White "Kerekes, Attila"]
[Black "Deutsch, Istvan"]
[Result "1-0"]
[WhiteElo "2240"]
[BlackElo "2131"]
[PlyCount "145"]
[EventDate "2004.09.26"]
[EventType "team"]
[EventRounds "11"]
[EventCountry "HUN"]
[SourceTitle "EXT 2009"]
[Source "ChessBase"]
[SourceDate "2008.11.26"]
[SourceVersion "1"]
[SourceVersionDate "2008.11.26"]
[SourceQuality "1"]
[WhiteTeam "GYDSE"]
[BlackTeam "Battonya"]
[WhiteTeamCountry "HUN"]
[BlackTeamCountry "HUN"]

1. e4 e5 2. Nf3 Nc6 3. Bb5 Nf6 4. 0-0 Nxe4 5. d4 Nd6 6. Bxc6 dxc6 7. dxe5 Nf5 8. Qxd8+ Kxd8 9. Nc3 Be7 10. Ne4 h6 11. b3 b6 12. Bb2 c5 13. Rad1+ Ke8 14. Rfe1 Be6 15. c4 Rd8 16. h3 Rxd1 17. Rxd1 Bd8 18. g4 Ne7 19. Kg2 Ng6 20. Kg3 h5 21. Nfg5 hxg4 22. hxg4 Nf8 23. f4 Bd7 24. f5 Bc6 25. Rxd8+ Kxd8 26. Nxf7+ Ke8 27. Nxh8 Bxe4 28. e6 g6 29. Kf4 Bb1 30. Bg7 gxf5 31. gxf5 Nxe6+ 32. fxe6 b5 33. Ke5 Bxa2 34. cxb5 Bxb3 35. Ng6 Bc4 36. Nf4 Bxb5 37. Nd5 Kd8 38. Bf6+ Kc8 39. Nc3 Bc4 40. Be7 Bxe6 41. Kxe6 c4 42. Bc5 Kb7 43. Kd5 a6 44. Kxc4 Kc6 45. Be3 Kd6 46. Bf4+ Kd7 47. Kc5 a5 48. Na4 c6 49. Bd2 Kc7 50. Bxa5+ Kd7 51. Bb6 Ke6 52. Kxc6 Ke5 53. Nc3 Ke6 54. Bc5 Ke5 55. Bf2 Ke6 56. Bg3 Kf5 57. Kd5 Kg4 58. Ne4 Kf5 59. Bd6 Kg6 60. Ke6 Kg7 61. Ng3 Kg6 62. Be7 Kg7 63. Ne4 Kg6 64. Bf6 Kh7 65. Kf7 Kh6 66. Ng3 Kh7 67. Bg5 Kh8 68. Be7 Kh7 69. Bg5 Kh8 70. Nf5 Kh7 71. Ne7 Kh8 72. Ng6+ Kh7 73. Nf8+ 1-0

[Event "HUN-chT2 Toth 0405"]
[Site "Hungary"]
[Date "2004.11.21"]
[Round "3"]
[White "Kerekes, Attila"]
[Black "Brhlik, Gyorgy"]
[Result "1/2-1/2"]
[WhiteElo "2240"]
[BlackElo "2109"]
[PlyCount "32"]
[EventDate "2004.09.26"]
[EventType "team"]
[EventRounds "11"]
[EventCountry "HUN"]
[SourceTitle "EXT 2009"]
[Source "ChessBase"]
[SourceDate "2008.11.26"]
[SourceVersion "1"]
[SourceVersionDate "2008.11.26"]
[SourceQuality "1"]
[WhiteTeam "GYDSE"]
[BlackTeam "Bekes"]
[WhiteTeamCountry "HUN"]
[BlackTeamCountry "HUN"]

1. e4 e5 2. Nf3 Nc6 3. Bb5 a6 4. Ba4 d6 5. c4 Bg4 6. h3 Bxf3 7. Qxf3 Nf6 8. Nc3 Be7 9. d4 0-0 10. Bxc6 bxc6 11. dxe5 dxe5 12. 0-0 Qd4 13. Qe2 Qd7 14. Be3 Bb4 15. Rfd1 Qe6 16. Bd2 Bc5 1/2-1/2